01083cam a22002651 4500001001300000003000400013005001700017008004100034010001700075035001900092040002600111042001200137050001700149086002800166110005000194245012100244260004300365300003100408490006100439500005000500650005100550810007300601810008900674830005400763gs 53000298 DLC20260227111400.0760210s1951 azub s000 0 eng  ags 53000298  a(OCoLC)1982083 aDLCcAzFUdOCoLCdDLC apremarc00aTN24.A6bA530 aMN 1.3:B 85/1592azdocs2 aUniversity of Arizona.bState Bureau of Mines14aThe mineral resources of Arizona,cprepared by the Arizona Bureau of Mines staff primarily for high school students. aTucson,bUniversity of Arizona,c1951. a15 p.bmap, tablesc23 cm.1 aIts bulletinvno. 159; Mineral technology series, no. 44 aUniversity of Arizona bulletin, v. 22, no. 5. 0aMines and mineral resourceszArizonaxHistory.2 aUniversity of Arizona.bState Bureau of Mines.tBulletin ;vno. 159.2 aUniversity of Arizona.bState Bureau of Mines.tMineral technology series ;vno. 44. 0aBulletin (University of Arizona) ;vv. 22, no. 5.